Upkar's Practice Sets : Medical Entrancetest / (Record no. 162780)
[ view plain ]
| 000 -LEADER | |
|---|---|
| fixed length control field | 00670nam a22001937a 4500 |
| 005 - DATE AND TIME OF LATEST TRANSACTION | |
| control field | 20190320165808.0 |
| 010 ## - LCCN (DPL NO) | |
| LC control number | B-044933 |
| 020 ## - INTERNATIONAL STANDARD BOOK NUMBER | |
| Terms of availability | 78.00 |
| 035 ## - SYSTEM CONTROL NUMBER | |
| System control number | B-044933 |
| 100 ## - MAIN ENTRY--PERSONAL NAME | |
| Personal name | Sharma, H.P. ...(et all) |
| 245 ## - TITLE STATEMENT | |
| Title | Upkar's Practice Sets : Medical Entrancetest / |
| Remainder of title | Selected Objective Questions |
| Statement of responsibility, etc | Upkar's |
| 260 ## - PUBLICATION, DISTRIBUTION, ETC. (IMPRINT) | |
| Place of publication, distribution, etc | New delhi |
| Name of publisher, distributor, etc | Upkar parakashan |
| 270 ## - ADDRESS | |
| Address | 4840-41, Govind Lane, Ansari Road, 24 Daryaganj, |
| City | New Delhi |
| Postal code | 110002 |
| Telephone number | 3251844,3251866 |
| 300 ## - PHYSICAL DESCRIPTION | |
| Extent | vii,227A p. |
| Other physical details | ill (Hb.) |
| Dimensions | 24cm. |
| 500 ## - GENERAL NOTE | |
| General note | Practice Set1tox |
| 700 ## - ADDED ENTRY--PERSONAL NAME | |
| Personal name | Yadav ,B.S.,Singh A.P. & Sharma R. |
| 942 ## - ADDED ENTRY ELEMENTS (KOHA) | |
| Source of classification or shelving scheme | Dewey Decimal Classification |
| Item type | English Books |
| Classification part | 500 |
| Call number suffix | UPK |
| Withdrawn status | Lost status | Not for loan | Collection code | Home library | Current library | Date acquired | Cost, normal purchase price | Full call number | Barcode | Cost, replacement price | Koha item type | Public note |
|---|---|---|---|---|---|---|---|---|---|---|---|---|
| Non-fiction | Central Library | Central Library | 20/03/2019 | 78.00 | 500 UPK | B-044933 | 78.00 | English Books | Legal Case Register No. 28 |
